ईश्वर पाप्तीचे चार माग (Record no. 1032077)

MARC details
000 -LEADER
fixed length control field 00674nam a2200181Ia 4500
008 - FIXED-LENGTH DATA ELEMENTS--GENERAL INFORMATION
fixed length control field 151018s9999 xx 000 0 und d
082 ## - DEWEY DECIMAL CLASSIFICATION NUMBER
Item number RBASDV32552
Classification number 110
100 ## - MAIN ENTRY--PERSONAL NAME
Personal name स्वामी दत्तावधूत
245 ## - TITLE STATEMENT
Title ईश्वर पाप्तीचे चार माग
250 ## - EDITION STATEMENT
Remainder of edition statement 1
260 ## - PUBLICATION, DISTRIBUTION, ETC. (IMPRINT)
Name of publisher, distributor, etc वनिता बुक्स
300 ## - PHYSICAL DESCRIPTION
Extent 16
600 ## - SUBJECT ADDED ENTRY--PERSONAL NAME
Personal name स्वामी दत्तावधूत
630 ## - SUBJECT ADDED ENTRY--UNIFORM TITLE
Uniform title ईश्वर पाप्तीचे चार माग
700 ## - ADDED ENTRY--PERSONAL NAME
Personal name स्वामी दत्तावधूत
730 ## - ADDED ENTRY--UNIFORM TITLE
Uniform title ईश्वर पाप्तीचे चार माग
942 ## - ADDED ENTRY ELEMENTS (KOHA)
Koha item type Book
Holdings
Withdrawn status Lost status Damaged status Not for loan Home library Current library Date acquired Cost, normal purchase price Total Checkouts Full call number Barcode Date last seen Cost, replacement price Price effective from Koha item type
        R.B. Anant Shivaji Desai Vachanalaya and Granthalaya, Kudal R.B. Anant Shivaji Desai Vachanalaya and Granthalaya, Kudal 02/22/2009 13.00   RBASDV32552 RBASDV32552 10/18/2015 13.00 10/18/2015 Book